000 00540nam a22001457a 4500
020 _a0-553-26846-5
082 _a823
_bFOR/D
100 _aFORSYTH,FREDERICK
245 _aTHE DOGS OF WAR
260 _aLONDON
_bBANTAM BOOKS
300 _a369
520 _aThe Dogs of War (1974) is a war novel by British writer Frederick Forsyth, featuring a small group of European mercenary soldiers hired by a British industrialist to depose the government of the fictional African country of Zangaro.
650 _aENGLISH NOVEL
_zLONDON
942 _cBK
999 _c3237
_d3237